Formule 1 2021 : Quel pilote ? - Statistiques

Statistiques générales
  • Ce quiz a été pris 352 fois
  • Le résultat moyen est 9 sur 21
Statistiques - réponses
Quel pilote... Pilote % Correct
obtient sa première victoire en carrière ? Esteban Ocon
68%
se crashe dès le 1er tour du Grand Prix de Bahrein ? Nikita Mazepin
68%
se crashe lourdement avec un pilote Williams à Imola ? Valtteri Bottas
63%
fait son retour dans l'écurie dans laquelle il a été champion du monde ? Fernando Alonso
60%
gagne à Bakou ? Sergio Perez
59%
a marqué des points à toutes les courses auxquelles il n'a pas abandonné ? Max Verstappen
54%
ne prend pas le départ de sa course à domicile ? Charles Leclerc
50%
signe sa première pole position en carrière ? Lando Norris
49%
désactive ses freins arrières par erreur à Bakou ? Lewis Hamilton
48%
finit 19ème au championnat ? Mick Schumacher
48%
est disqualifié du Grand Prix de Hongrie ? Sebastian Vettel
48%
marque 2 points pour son tout premier Grand Prix ? Yuki Tsunoda
47%
n'abandonne jamais au cours des 22 courses ? Carlos Sainz Jr.
34%
sort Leclerc dès le premier virage en Hongrie ? Lance Stroll
34%
Est troisième du sprint à Monza ? Daniel Ricciardo
29%
est élu pilote du jour au Grand Prix d'Abu Dhabi ? Kimi Räikkönen
29%
se fait battre par son coéquipier en qualifications uniquement au dernier Grand Prix ? Pierre Gasly
24%
finit la saison avec 16 points dont un podium ? George Russell
21%
ne dispute que 2 Grand Prix ? Robert Kubica
21%
termine deux fois dans les points dans la saison, d'affilée ? Nicholas Latifi
20%
Marque 2 de ses 3 points de la saison à Jeddah ? Antonio Giovinazzi
19%
Aucun quiz correspondant
Distribution des résultats
% des personnes avec chaque résultat
Percentile par nombre de réponses
Votre historique - résultats
Vous n’avez pas pris ce quiz